A first course in mathematical analysis / (Record no. 29577)

000 -LEADER
fixed length control field 00607 a2200181 4500
020 ## - INTERNATIONAL STANDARD BOOK NUMBER
International Standard Book Number 0521684242
020 ## - INTERNATIONAL STANDARD BOOK NUMBER
International Standard Book Number 9780521684248
082 ## - DEWEY DECIMAL CLASSIFICATION NUMBER
Classification number 515
090 ## - LOCALLY ASSIGNED LC-TYPE CALL NUMBER (OCLC); LOCAL CALL NUMBER (RLIN)
-- 958
-- 958
100 1# - MAIN ENTRY--PERSONAL NAME
Personal name Brannan, David Alexander.
245 12 - TITLE STATEMENT
Title A first course in mathematical analysis /
Statement of responsibility, etc. David Alexander Brannan.
250 ## - EDITION STATEMENT
Edition statement Revised.
260 ## - PUBLICATION, DISTRIBUTION, ETC.
Place of publication, distribution, etc. [S.l.] :
Name of publisher, distributor, etc. Cambridge University Press,
Date of publication, distribution, etc. 2006.
300 ## - PHYSICAL DESCRIPTION
Extent 459 p. ;
Dimensions 25 cm.
700 ## - ADDED ENTRY--PERSONAL NAME
Personal name Brannan, David Alexander.
942 ## - ADDED ENTRY ELEMENTS (KOHA)
Institution code [OBSOLETE] SNS
Koha item type Book
Call number prefix 515 BRA
Holdings
Withdrawn status Lost status Damaged status Not for loan Permanent Location Current Location Date acquired Total Checkouts Full call number Barcode Date last seen Price effective from Koha item type
        School of Natural Sciences (SNS) School of Natural Sciences (SNS) 05/26/2016   515 BRA SNS0001129 11/16/2022 05/26/2016 Book
© 2023 Central Library, National University of Sciences and Technology. All Rights Reserved.